| 000 | 00401nam a22001571a 4500 | ||
|---|---|---|---|
| 082 |
_aM 907.202 _bKKN/C |
||
| 100 | _aK K N Kurup | ||
| 245 |
_aCharithrathinte pathayil/ _cby K K N Kurup |
||
| 260 |
_aCalicut: _bRead Books, _c1999. |
||
| 300 | _a120p. | ||
| 650 | _aAutobiography K K N Kurup | ||
| 650 | _aBiography K K N Kurup | ||
| 650 | _aBiography Historians | ||
| 650 | _aBiography | ||
| 942 | _cBK | ||
| 999 |
_c7150 _d7150 |
||